000 00276nam a22001337a 4500
008 170920b xxu||||| |||| 00| 0 eng d
020 _a0874742161
041 _aeng
080 _a7
100 _a45
101 _aART
245 _aKALILA WA DIMNA
_cATIL,E
942 _2udc
_cBK
999 _c28400
_d28400